Statistics for Random Metro Stations of Paris on a Map

Click here to take the quiz!

General Stats

  • This quiz has been taken 2,410 times
  • The average score is 5 of 10

Answers on the Map

Answers color-coded by a green-red scale on the quiz's map according to % correct below.
 

Answer Stats

LignesStations% Correct
8Balard
100%
2,4Barbès-Rochechouart
100%
13Basilique de Saint-Denis
100%
1,5,8Bastille
100%
6,14Bercy
100%
2Blanche
100%
5Campo-Formio
100%
1,2,6Charles de Gaulle - Étoile
100%
4Château d'Eau
100%
1,4,7,11,14Châtelet
100%
4,6Denfert-Rochereau
100%
1Esplanade de La Défense
100%
3Europe
100%
12Front Populaire
100%
3Gallieni
100%
3,3bisGambetta
100%
6Kléber
100%
1La Défense
100%
13La Fourche
100%
7Le Kremlin-Bicêtre
100%
1Les Sablons
100%
8Liberté
100%
8,12,14Madeleine
100%
4Mairie de Montrouge
100%
12Mairie d'Issy
100%
9,10Michel-Ange - Auteuil
100%
1,2,6,9Nation
100%
4,10Odéon
100%
13Pernety
100%
2,12Pigalle
100%
2,13Place de Clichy
100%
3Pont de Levallois - Bécon
100%
1Pont de Neuilly
100%
9Pont de Sèvres
100%
2Porte Dauphine
100%
3bis, 11Porte des Lilas
100%
7Porte d'Ivry
100%
1Porte Maillot
100%
9Ranelagh
100%
3,5,8,9,11République
100%
2Rome
100%
1Saint-Mandé
100%
4Saint-Sulpice
100%
1Tuileries
100%
2Anvers (Sacré-Cœur)
86%
11Rambuteau
86%
4,5Gare du Nord
83%
7Maison Blanche
83%
6Passy
83%
8,13Invalides
80%
5Quai de la Rapée
80%
9Saint-Philippe du Roule
80%
1,14Gare de Lyon
78%
8Filles du Calvaire
75%
7La Courneuve (8 Mai 1945)
75%
13Liège
75%
10Maubert - Mutualité
75%
3,7,8Opéra
75%
6Picpus
75%
5,6,7Place d'Italie
75%
3Porte de Bagnolet
75%
1Porte de Vincennes
75%
4,6Raspail
75%
4,8,9Strasbourg - Saint-Denis
75%
6,9Trocadéro
75%
2Victor Hugo
75%
12Abbesses
67%
3,11Arts et Métiers
67%
13Châtillon - Montrouge
67%
10Cluny - La Sorbonne
67%
2Courcelles
67%
6Glacière
67%
11Goncourt
67%
8,9Grands Boulevards
67%
13Guy Môquet
67%
5Hoche
67%
1,11Hôtel de Ville
67%
9La Muette
67%
4Les Halles
67%
14Olympiades
67%
7Pont Marie
67%
1,8Reuilly - Diderot
67%
9Saint-Augustin
67%
6Saint-Jacques
67%
3Temple
67%
2Ternes
67%
13Varenne
67%
14Cour Saint-Émilion
60%
8Félix Faure
60%
5Jacques Bonsergent
60%
7,10Jussieu
60%
6,8,10La Motte-Picquet - Grenelle
60%
1Louvre-Rivoli
60%
8Michel Bizot
60%
4,6,12,13Montparnasse - Bienvenüe
60%
1,7Palais Royal - Musée du Louvre
60%
10Porte d'Auteuil
60%
9Rue de la Pompe
60%
3Wagram
60%
6Bir Hakeim (Tour Eiffel)
57%
8Chemin Vert
57%
5,9Oberkampf
57%
5Ourcq
57%
7Porte de Choisy
57%
6Dupleix
54%
3Anatole France
50%
12Assemblée nationale
50%
2Avron
50%
14Bibliothèque François-Mitterrand
50%
5Bobigny - Pablo Picasso
50%
8,9Bonne-Nouvelle
50%
10Boulogne - Jean Jaurès
50%
10Charles Michels
50%
1Château de Vincennes
50%
4Château Rouge
50%
6Chevaleret
50%
4Cité
50%
6,8Daumesnil
50%
10Église d'Auteuil
50%
4Étienne Marcel
50%
12Falguière
50%
4,5,7Gare de l'Est
50%
1George V
50%
3,9Havre - Caumartin
50%
2,5,7bisJaurès
50%
10Javel - André Citroën
50%
11Jourdain
50%
9Mairie de Montreuil
50%
13Malakoff - Plateau de Vanves
50%
4,12Marcadet - Poissonniers
50%
10Mirabeau
50%
9,13Miromesnil
50%
4Mouton-Duvernet
50%
7Place Monge
50%
7Pont Neuf
50%
7Porte de la Villette
50%
13Porte de Saint-Ouen
50%
12Porte de Versailles
50%
11Pyrénées
50%
6Quai de la Gare
50%
3Quatre-Septembre
50%
3,4Réaumur - Sébastopol
50%
7Riquet
50%
9Saint-Ambroise
50%
13Saint Denis - Université
50%
7Tolbiac
50%
12Volontaires
50%
9Voltaire
50%
12Rue du Bac
45%
12Corentin Celton
43%
7,7bisLouis Blanc
43%
10Avenue Émile-Zola
40%
6Bel-Air
40%
7bisBotzaris
40%
7,9Chaussée d'Antin - La Fayette
40%
8École Militaire
40%
13Les Agnettes
40%
13Les Courtilles
40%
7Les Gobelins
40%
3,12,13,14Saint-Lazare
40%
10Ségur
40%
3Sentier
40%
6Edgar Quinet
38%
2Alexandre Dumas
33%
9Alma - Marceau
33%
2,11Belleville
33%
6Boissière
33%
8Boucicaut
33%
10Chardon-Lagache
33%
10,13Duroc
33%
13Gaîté
33%
11Mairie des Lilas
33%
8Maisons-Alfort - Stade
33%
3Malesherbes
33%
9,10Michel-Ange - Molitor
33%
12Notre-Dame-de-Lorette
33%
3Parmentier
33%
13Plaisance
33%
8Pointe du Lac
33%
7Poissonnière
33%
3Porte de Champerret
33%
12Porte de la Chapelle
33%
9Porte de Saint-Cloud
33%
7Porte d'Italie
33%
8Porte Dorée
33%
8,9Richelieu-Drouot
33%
9Robespierre
33%
1Saint-Paul
33%
4Saint-Placide
33%
4Simplon
33%
11Télégraphe
33%
12Marx Dormoy
29%
12Rennes
29%
5Richard-Lenoir
29%
9Billancourt
25%
7Censier - Daubenton
25%
1,13Champs-Élysées - Clemenceau
25%
12Convention
25%
8Créteil - Préfecture
25%
7bisDanube
25%
13Gabriel Péri
25%
8La Tour-Maubourg
25%
7Le Peletier
25%
8Lourmel
25%
13Mairie de Clichy
25%
7Mairie d'Ivry
25%
8Maisons-Alfort - Les Juilliottes
25%
13Malakoff - Rue Étienne-Dolet
25%
9Maraîchers
25%
6Nationale
25%
12Notre-Dame-des-Champs
25%
3bisPelleport
25%
7bis,11Place des Fêtes
25%
12Trinité - d'Estienne d'Orves
25%
4Vavin
25%
1Argentine
20%
6Cambronne
20%
7Château-Landon
20%
2Colonel Fabien
20%
3Louise Michel
20%
2Philippe Auguste
20%
7Pierre et Marie Curie
20%
4Porte de Clignancourt
20%
9Porte de Montreuil
20%
5Saint-Marcel
20%
4Saint-Michel
20%
8Saint-Sébastien - Froissart
20%
6Sèvres - Lecourbe
20%
7Sully - Morland
20%
12Vaugirard
20%
7Villejuif - Léo Lagrange
20%
8Charenton - Écoles
17%
2Ménilmontant
17%
13Porte de Vanves
17%
4Porte d'Orléans
17%
7,14Pyramides
17%
12Lamarck - Caulaincourt
14%
7bisButtes Chaumont
13%
4Alésia
0%
7Aubervilliers - Pantin - Quatre Chemins
0%
1Bérault
0%
5Bobigny - Pantin - Raymond Queneau
0%
7bisBolivar
0%
10Boulogne - Pont de Saint-Cloud
0%
3Bourse
0%
5Bréguet - Sabin
0%
13Brochant
0%
9Buzenval
0%
7Cadet
0%
10Cardinal Lemoine
0%
13Carrefour Pleyel
0%
9Charonne
0%
8Commerce
0%
1,8,12Concorde
0%
7Corentin Cariou
0%
6Corvisart
0%
2Couronnes
0%
8Créteil - L'Échat
0%
8Créteil - Université
0%
7Crimée
0%
9Croix de Chavaux
0%
6Dugommier
0%
8École veterinaire de Maisons-Alfort
0%
5Église de Pantin
0%
9Exelmans
0%
8Faidherbe - Chaligny
0%
7Fort d'Aubervilliers
0%
1,9Franklin D. Roosevelt
0%
5,10Gare d'Austerlitz
0%
13Garibaldi
0%
9Iéna
0%
9Jasmin
0%
12Jules Joffrin
0%
2La Chapelle
0%
5Laumière
0%
8Ledru-Rollin
0%
10Mabillon
0%
13Mairie de Saint-Ouen
0%
9Marcel Sembat
0%
2Monceau
0%
8Montgallet
0%
6,12Pasteur
0%
3Pereire
0%
2,3Père Lachaise
0%
8Porte de Charenton
0%
13Porte de Clichy
0%
5Porte de Pantin
0%
7bisPré-Saint-Gervais
0%
9Rue des Boulets
0%
3Rue Saint-Maur
0%
13Saint-Denis - Porte de Paris
0%
3bisSaint-Fargeau
0%
13Saint-François-Xavier
0%
12Saint-Georges
0%
4Saint-Germain-des-Prés
0%
10,12Sèvres - Babylone
0%
12Solférino
0%
2,5,7Stalingrad
0%
10Vaneau
0%
7Villejuif - Louis Aragon
0%
7Villejuif - Paul Vaillant-Couturier
0%
2,3Villiers
0%

Score Distribution

Percentile by Number Answered

Percent of People with Each Score

Your Score History

You have not taken this quiz